| 000 | 00822nam a2200229 a 4500 | ||
|---|---|---|---|
| 005 | 20240924064021.0 | ||
| 008 | 040527s2003 mx r 000 0 spa d | ||
| 020 | _a8489042357 | ||
| 035 | _aUPN01000133558 | ||
| 049 | _aCG | ||
| 050 | 4 |
_aLB1027.23 _bA3.3 |
|
| 245 | 0 | 0 |
_aAcción, conversación y texto : _baprendizaje y enseñanza a través de la investigación / _cdir. Gordon Wells ; tr. Pablo Manzano Bernárdez. |
| 260 |
_aSevilla, Esp. : _bM.C.E.P., _c2003. |
||
| 300 | _a254 p. | ||
| 440 | 0 |
_aColaboración pedagógica ; _v11 |
|
| 534 |
_pTraducción de: _tAction, talk an text. Learning and teaching through inquery |
||
| 650 | 4 |
_aAprendizaje activo _91351 |
|
| 650 | 4 |
_aCiencia _xEstudio y enseñanza _96354 |
|
| 650 | 4 |
_aEducación _xInvestigación _94070 |
|
| 700 | 1 |
_aWells, Gordon, _edir. |
|
| 905 | _aLibro | ||
| 999 |
_c105709 _d105709 |
||